000 00420nam a2200181Ia 4500
005 20240823043820.0
008 240823s9999||||xx |||||||||||||| ||und||
041 _aENGLISH
082 _A604.2 P1
100 _aGill P S
245 0 _aEngineering Drawing
250 _a11th
260 _c2001
_bS K Kataria &
500 _aTRANSFERED
650 _aEngineeirng Drawing
_bMechanical
942 _cBK
999 _c211103
_d211103